2 villes pour une anagramme (click quiz) - Statistiques

Statistiques générales
  • Ce quiz a été pris 77 fois
  • Le résultat moyen est 7 sur 8
Statistiques - réponses
Hint Réponse % Correct
STRIPAGES GAP/ISTRES
94%
GALERASSES GRASSE/ALES
94%
CELERITES CREIL/SETE
93%
BERCANTES CAEN/BREST
91%
ENCALMONS MACON/LENS
91%
PINCERAIS PARIS/NICE
90%
PARUTION NIORT/PAU
88%
BAILLERAS ARLES/ALBI
87%
Aucun quiz correspondant
Distribution des résultats
% des personnes avec chaque résultat
Percentile par nombre de réponses
Votre historique - résultats
Vous n’avez pas pris ce quiz